[Event "Indywidualne Mistrzostwa Polski Juniorek - D18"]
[Site "Szczyrk"]
[Date "2013-03-24"]
[Round "7.1"]
[White "Mucha, Magdalena"]
[Black "Cyboran, Katarzyna"]
[Result "1-0"]
[WhiteTitle "WCM"]
[BlackTitle "I++"]
[WhiteElo "1925"]
[BlackElo "1757"]

1. d4 e6 2. e4 d5 3. Nd2 Nf6 4. e5 Nfd7 5. f4 c5 6. c3 Nc6 7. Ndf3 a6 8. Bd3 b5
9. Ne2 b4 10. f5 exf5 11. Bxf5 Ndxe5 12. Nxe5 Nxe5 13. Bxc8 cxd4 14. Qa4+ Nd7
15. Bxd7+ Qxd7 16. Qxd7+ Kxd7 17. cxd4 1-0

[Event "Indywidualne Mistrzostwa Polski Juniorek - D18"]
[Site "Szczyrk"]
[Date "2013-03-24"]
[Round "7.2"]
[White "Grochocinska, Urszula"]
[Black "Leks, Maria"]
[Result "0-1"]
[WhiteTitle "I++"]
[BlackTitle "WCM"]
[WhiteElo "1860"]
[BlackElo "2083"]

1. g3 d5 2. Bg2 Nf6 3. d3 c5 4. Nf3 Nc6 5. Nbd2 e5 6. c4 Be7 7. cxd5 Nxd5 8. Nc4
f6 9. O-O Be6 10. Ne3 Nc7 11. Nh4 Qd7 12. Qa4 O-O 13. f4 exf4 14. gxf4 b5 15.
Qd1 f5 16. Nf3 Bf6 17. Qc2 Qd6 18. Ne5 Nd4 19. Qd2 Rae8 20. Nf3 Qxf4 21. Nxd4
Qxd4 22. Kh1 Qh4 23. Qe1 Qxe1 24. Rxe1 f4 25. Nd1 Bd4 26. Nc3 Bg4 27. Bc6 Bxc3
28. bxc3 Rxe2 29. Rxe2 Bxe2 30. Kg1 Bxd3 31. Ba3 Rf6 32. Bf3 c4 33. Re1 h6 34.
Bc5 a6 35. Kf2 Kh7 36. Bd4 Rf7 37. Bh5 Bg6 38. Bf3 a5 39. a3 b4 40. axb4 axb4
41. cxb4 Nb5 42. Be5 Na3 43. Bc6 Nc2 44. Rg1 Re7 45. Bxf4 Nxb4 46. Bb5 Nd3+ 47.
Kg3 Nxf4 48. Kxf4 c3 49. Rc1 c2 50. Kf3 h5 51. Ba4 Kh6 52. Kf2 Rb7 53. Rg1 Rb4
54. Bxc2 Bxc2 0-1

[Event "Indywidualne Mistrzostwa Polski Juniorek - D18"]
[Site "Szczyrk"]
[Date "2013-03-24"]
[Round "7.3"]
[White "Tracz, Marcelina"]
[Black "Wisniowska, Klaudia"]
[Result "0-1"]
[WhiteTitle "I"]
[BlackTitle "m"]
[WhiteElo "1698"]
[BlackElo "2187"]

1. e4 c5 2. Nf3 d6 3. d4 cxd4 4. Nxd4 Nf6 5. Nc3 Nc6 6. Be2 g6 7. O-O Bg7 8. Be3
O-O 9. h3 a6 10. Qd2 Bd7 11. a4 Rc8 12. f4 Nxd4 13. Bxd4 Bc6 14. Bd3 e5 15. fxe5
dxe5 16. Be3 Nh5 17. Ne2 Qd7 18. b3 Nf4 19. Bxf4 exf4 20. Rad1 g5 21. h4 h6 22.
Qa5 Qe7 23. Qf5 Bd7 24. Qa5 Rc5 25. Qd2 Bc6 26. c4 Bxe4 27. Bxe4 Qxe4 28. Qd3
Re5 29. Qxe4 Rxe4 30. Rd2 Rfe8 31. Nc1 Bd4+ 32. Kh2 g4 33. Kh1 g3 34. Nd3 Be3
35. Rdd1 Rd8 36. Nc1 Rxd1 37. Rxd1 Re5 38. Ne2 Rh5 39. Ng1 Rxh4+ 40. Nh3 f3 41.
gxf3 Rxh3+ 0-1

[Event "Indywidualne Mistrzostwa Polski Juniorek - D18"]
[Site "Szczyrk"]
[Date "2013-03-24"]
[Round "7.4"]
[White "Rykala, Monika"]
[Black "Tarnowska, Aleksandra"]
[Result "1/2-1/2"]
[WhiteTitle "I++"]
[BlackTitle "I"]
[WhiteElo "1874"]
[BlackElo "1823"]

1. d4 d5 2. c4 e6 3. Nc3 Nf6 4. Bg5 Be7 5. Nf3 O-O 6. e3 h6 7. Bh4 b6 8. cxd5 Nxd5
9. Bxe7 Qxe7 10. Nxd5 exd5 11. Bd3 Qb4+ 12. Qd2 Qxd2+ 13. Kxd2 Ba6 14. Ne5 c5
15. dxc5 bxc5 16. Rac1 Bxd3 17. Nxd3 c4 18. Nf4 Rd8 19. b3 cxb3 20. axb3 Nd7 21.
Nd3 Rab8 22. b4 Nb6 23. Ra1 Rb7 24. Ra2 Nc4+ 25. Ke2 Re8 26. Rc1 g5 27. Kf1 Ne5
28. Nxe5 Rxe5 29. Rca1 Rxb4 30. Rxa7 d4 31. exd4 Rxd4 32. R7a2 Red5 33. g3 Kg7
34. Kg2 Rd7 35. Re1 Rd2 36. Rxd2 Rxd2 37. Re3 Kg6 38. Ra3 Rd6 39. Ra4 Rc6 40.
Rb4 Rd6 41. Rc4 Rb6 42. Rd4 Rc6 1/2-1/2

[Event "Indywidualne Mistrzostwa Polski Juniorek - D18"]
[Site "Szczyrk"]
[Date "2013-03-24"]
[Round "7.5"]
[White "Mazur, Anna"]
[Black "Starczewska, Dominika"]
[Result "1-0"]
[WhiteTitle "I+"]
[BlackTitle "k"]
[WhiteElo "1714"]
[BlackElo "1970"]

1. e4 c5 2. Nf3 e6 3. d4 cxd4 4. Nxd4 Nf6 5. Nc3 Qb6 6. Nb3 Bb4 7. Bd3 Bxc3+ 8.
bxc3 d6 9. O-O O-O 10. Be3 Qc7 11. f4 e5 12. fxe5 Ng4 13. exd6 Qxd6 14. Bf4 Qb6+
15. Nd4 Qc5 16. Kh1 Ne5 17. Qd2 Nbc6 18. Nxc6 Nxc6 19. Rab1 a6 20. Rf3 Ne5 21.
Rg3 Ng6 22. Be3 Qa5 23. Bc4 Be6 24. Bxe6 fxe6 25. Rxb7 Rad8 26. Qe2 Qxa2 27. Rf3
a5 28. h3 Qa1+ 29. Bg1 Nf4 30. Qf2 Rd1 31. Qa7 Rxg1+ 32. Qxg1 Qxg1+ 33. Kxg1 Ne2+
34. Kf2 Nxc3 35. Rxf8+ Kxf8 36. Ke3 h6 37. Kd3 Na4 38. Ra7 Nb2+ 39. Kc3 Nd1+ 40.
Kd2 Nb2 41. c3 g5 42. g4 Ke8 43. Kc2 Nc4 44. Rh7 a4 45. Rxh6 Kd7 46. Rg6 1-0

[Event "Indywidualne Mistrzostwa Polski Juniorek - D18"]
[Site "Szczyrk"]
[Date "2013-03-24"]
[Round "7.6"]
[White "Dziodzio, Angelika"]
[Black "Jacek, Roksana"]
[Result "1-0"]
[WhiteTitle "k"]
[BlackTitle "I++"]
[WhiteElo "1901"]
[BlackElo "1864"]

1. e4 e5 2. Nf3 Nc6 3. Bc4 Bc5 4. O-O Nf6 5. d4 exd4 6. e5 d5 7. exf6 dxc4 8. fxg7
Rg8 9. Re1+ Be6 10. Bg5 Be7 11. Bxe7 Qxe7 12. Nxd4 Rd8 13. c3 Rxg7 14. Na3 Nxd4
15. cxd4 Kf8 16. Nxc4 Qh4 17. Ne3 Rxd4 18. Qc2 Qd8 19. Red1 Rxd1+ 20. Rxd1 Qe7
21. Nf5 Bxf5 22. Qxf5 Rg6 23. g3 Rd6 24. Rxd6 Qxd6 25. Qc8+ Kg7 26. Qxb7 a6 27.
h4 Qe5 28. a3 a5 29. a4 h6 30. b3 Kg6 31. Qc6+ Kg7 32. Kg2 h5 33. Qf3 Kf8 34.
Qe3 Qd5+ 35. Kh2 Qf5 36. Qh6+ Ke8 37. Qc6+ Kf8 38. Kg2 Qb1 39. Qc5+ Kg7 40. Qe5+
Kf8 41. Qxc7 Qe4+ 42. Kh2 Qf3 43. Qb8+ Kg7 44. Qe5+ Kf8 45. Qe3 1-0

[Event "Indywidualne Mistrzostwa Polski Juniorek - D18"]
[Site "Szczyrk"]
[Date "2013-03-24"]
[Round "7.7"]
[White "Jarmuzek, Karolina"]
[Black "Korpalska, Joanna"]
[Result "1-0"]
[WhiteTitle "I"]
[BlackTitle "I+"]
[WhiteElo "1568"]
[BlackElo "1695"]

1. e4 e5 2. Nf3 Nc6 3. Bb5 a6 4. Ba4 Nf6 5. d4 Nxe4 6. Qe2 Nf6 7. dxe5 Ng8 8. O-O
Bb4 9. c3 Ba5 10. Bb3 Qe7 11. Re1 b5 12. Qd3 Bb7 13. Bg5 Qf8 14. Rd1 Bc8 15. Nbd2
Nge7 16. Ne4 Ng6 17. Re1 Nce7 18. Be3 h6 19. Rad1 Nc6 20. Bc5 Nge7 21. Nd6+ cxd6
22. exd6 Bd8 23. Nd4 1-0

[Event "Indywidualne Mistrzostwa Polski Juniorek - D18"]
[Site "Szczyrk"]
[Date "2013-03-24"]
[Round "7.8"]
[White "Cichocka, Urszula"]
[Black "Kotlowska, Anna"]
[Result "1/2-1/2"]
[WhiteTitle "I+"]
[BlackTitle "I"]
[WhiteElo "1688"]
[BlackElo "1673"]

1. e4 d6 2. d4 g6 3. f4 Bg7 4. Nf3 Nd7 5. Be3 Ngf6 6. Bd3 O-O 7. c3 c5 8. h3 Re8
9. Nbd2 cxd4 10. cxd4 e5 11. O-O exd4 12. Bxd4 Nc5 13. Qc2 Nxd3 14. Qxd3 d5 15.
Rae1 dxe4 16. Nxe4 Bf5 17. Nxf6+ Bxf6 18. Qc3 Bxd4+ 19. Qxd4 Qxd4+ 20. Nxd4 Bd7
21. Kf2 Rxe1 22. Rxe1 Kf8 23. Nf3 Rc8 24. Rd1 Rc2+ 25. Rd2 Rxd2+ 26. Nxd2 Ke7
27. Ke3 Bc6 28. g3 Ke6 29. Nf3 Bxf3 30. Kxf3 Kd5 31. Ke3 f5 32. Kd3 h5 33. h4
Kc5 34. Kc3 Kd5 35. Kd3 Kc5 36. Kc3 Kd5 37. Kd3 Kc5 38. Kc3 Kd5 39. Kd3 Kc5 40.
Kc3 Kd5 41. Kd3 Kc5 42. Kc3 a5 43. a3 b5 44. b4+ axb4+ 45. axb4+ Kd5 46. Kd3 1/2-1/2

[Event "Indywidualne Mistrzostwa Polski Juniorek - D18"]
[Site "Szczyrk"]
[Date "2013-03-24"]
[Round "7.9"]
[White "Nun, Joanna"]
[Black "Larysz, Anna"]
[Result "0-1"]
[WhiteTitle "II+"]
[BlackTitle "I"]
[WhiteElo "1574"]
[BlackElo "1515"]

1. e4 e6 2. d4 d5 3. exd5 exd5 4. Nf3 Bd6 5. h3 Nf6 6. Bd3 h6 7. O-O O-O 8. Re1
Nbd7 9. Bd2 Nb6 10. b3 c5 11. c3 Be6 12. Qc1 Re8 13. Bxh6 gxh6 14. Qxh6 Bf8 15.
Qh4 c4 16. Bc2 Bg7 17. Ng5 Nbd7 18. Nd2 Nf8 19. Re3 cxb3 20. axb3 Qc8 21. Rg3
Bf5 22. Bxf5 Qxf5 23. Rf3 Qc2 24. Nf1 Ng6 25. Qg3 Ne4 26. Nxe4 dxe4 27. Re3 Qxb3
28. h4 Qd5 29. Qg4 Qe6 30. Qg3 Qf5 31. Nd2 Bh6 32. Re2 Bxd2 33. Rxd2 Qh5 34. Rb1
b6 35. c4 Qxh4 36. Qxh4 Nxh4 37. Rb5 Rac8 38. Rc2 Red8 39. d5 Rd6 40. Rc3 a6 41.
Rbb3 Ng6 42. Kf1 Ne5 0-1

[Event "Indywidualne Mistrzostwa Polski Juniorek - D18"]
[Site "Szczyrk"]
[Date "2013-03-24"]
[Round "7.10"]
[White "Kowalewska, Agata"]
[Black "Wesolowska, Katarzyna"]
[Result "1-0"]
[WhiteTitle "I"]
[BlackTitle "I++"]
[WhiteElo "1684"]
[BlackElo "1735"]

1. e4 e6 2. d4 d5 3. Nc3 Nf6 4. exd5 exd5 5. Bd3 c5 6. dxc5 Bxc5 7. Nge2 Ng4 8.
Bb5+ Nc6 9. Qxd5 Qb6 10. f3 Bf2+ 11. Kf1 Bg1 12. Ne4 Be6 13. Qg5 Rd8 14. Bf4 f6
15. Bxc6+ bxc6 16. Qxg7 Rg8 17. Qxh7 Qxb2 18. Re1 Ne3+ 19. Bxe3 Bxe3 20. Qh5+
Ke7 21. Qh7+ Bf7 22. N4c3 Bd2 23. Qe4+ Be6 24. Rb1 Qa3 25. Rb7+ Rd7 26. Qh7+ Ke8
27. Rxd7 Bxc3 28. Nxc3 Bxd7 29. Qxg8+ Ke7 30. Qh7+ Ke8 31. Qd3 Bf5 32. Qe3+ Kf7
33. Kf2 Bxc2 34. Re1 Bf5 35. g4 Bd7 36. Re2 Qd6 37. Kg2 c5 38. Ne4 Qc7 39. Qxc5
Qf4 40. Qd6 1-0

[Event "Indywidualne Mistrzostwa Polski Juniorek - D18"]
[Site "Szczyrk"]
[Date "2013-03-24"]
[Round "7.11"]
[White "Kadziela, Agnieszka"]
[Black "Rozaniecka, Katarzyna"]
[Result "1/2-1/2"]
[WhiteTitle "II"]
[BlackTitle "II"]
[WhiteElo "1451"]
[BlackElo "1549"]

1. d4 d5 2. c4 c6 3. e3 Nf6 4. Nf3 e6 5. Nc3 Nbd7 6. a4 Bb4 7. Bd2 Qe7 8. Bd3 O-O
9. O-O e5 10. dxe5 Nxe5 11. Nxe5 Qxe5 12. f4 Qd6 13. cxd5 Bxc3 14. Bxc3 Nxd5 15.
Bd2 Nxf4 16. Bxh7+ Kxh7 17. Rxf4 Qg6 18. Qf3 Be6 19. Bc3 Rad8 20. e4 Kg8 21. Re1
Rd7 22. Qe3 b6 23. Rf3 f6 24. a5 c5 25. axb6 axb6 26. Rg3 Qh5 27. Qf2 Rd1 28.
h3 Rxe1+ 29. Qxe1 Rf7 30. Qd2 Kh7 31. Kh2 b5 32. Qd6 Bc4 33. Rf3 b4 34. Be1 Qe5+
35. Bg3 Qxb2 36. Qxc5 Be6 37. Qb5 Qc2 38. Qxb4 Bc4 39. Qc5 Qe2 40. Rf2 Qd3 41.
Rf3 1/2-1/2

[Event "Indywidualne Mistrzostwa Polski Juniorek - D18"]
[Site "Szczyrk"]
[Date "2013-03-24"]
[Round "7.12"]
[White "Skoczek, Karolina"]
[Black "Maciazek, Aleksandra"]
[Result "1-0"]
[WhiteTitle "II+"]
[BlackTitle "III"]
[WhiteElo "1529"]
[BlackElo "1401"]

1. e4 c5 2. Nc3 a6 3. a4 b6 4. f4 Bb7 5. Bc4 e6 6. Nf3 d5 7. exd5 exd5 8. Ba2 Nf6
9. d3 Be7 10. O-O O-O 11. Ne5 Nbd7 12. Qf3 Rb8 13. Nxd7 Qxd7 14. Qg3 Nh5 15. Qf2
b5 16. axb5 axb5 17. Qe2 Nf6 18. Bd2 Rfe8 19. Qf2 d4 20. Ne2 Bd6 21. Rfe1 Re7
22. Ng3 Ng4 23. Qf1 Rbe8 24. Rxe7 Rxe7 25. Re1 Ne3 26. Bxe3 dxe3 27. h3 Qc6 28.
Nf5 Re8 29. Nxe3 c4 30. d4 Re4 31. Qf3 Bxf4 32. d5 Bxe3+ 33. Rxe3 Qxd5 34. Rxe4
Qxe4 35. Qxe4 Bxe4 36. c3 Bc2 37. Kf2 f6 38. Ke3 Kf7 39. Kd4 Ke6 40. Kc5 Ba4 41.
Kb4 Kd5 42. Bxc4+ bxc4 43. Kxa4 h5 44. b4 cxb3 45. Kxb3 Kc5 46. c4 f5 47. Kc3
g6 48. Kd3 g5 49. Kc3 g4 50. h4 g3 51. Kd3 f4 52. Ke4 f3 53. Kxf3 Kxc4 54. Kxg3
Kd4 55. Kf4 Kd5 56. Kg5 Ke4 57. Kxh5 Kf4 58. Kg6 Kg4 59. h5 1-0

[Event "Indywidualne Mistrzostwa Polski Juniorek - D18"]
[Site "Szczyrk"]
[Date "2013-03-24"]
[Round "7.13"]
[White "Leczycka, Agnieszka"]
[Black "Bednarczyk, Alicja"]
[Result "1/2-1/2"]
[WhiteTitle "II"]
[BlackTitle "II"]
[WhiteElo "1252"]
[BlackElo "1510"]

1. e4 e5 2. Nf3 Nc6 3. Nc3 Nf6 4. Bb5 Nd4 5. Nxd4 exd4 6. e5 dxc3 7. exf6 Qxf6
8. dxc3 Bc5 9. Qe2+ Qe6 10. Bc4 Qxe2+ 11. Kxe2 O-O 12. Bf4 Re8+ 13. Kf3 d6 14.
Rhe1 Bd7 15. b4 Bb6 16. Bb3 h5 17. h4 a5 18. Be3 Bc6+ 19. Kg3 Bxe3 20. Rxe3 Rxe3+
21. fxe3 a4 22. Bc4 Re8 23. Re1 Re4 24. Bf1 a3 25. c4 Rg4+ 26. Kh3 Bd7 27. Kh2
Rxh4+ 28. Kg3 Rg4+ 29. Kf2 Be6 30. e4 Rg5 31. Re3 Re5 32. Rxa3 Kf8 33. Bd3 f5
34. exf5 Bxf5 35. Bxf5 Rxf5+ 36. Rf3 Rxf3+ 37. Kxf3 Ke7 38. a4 Ke6 39. Ke4 g6
40. a5 c6 41. b5 Kd7 42. Kf4 d5 43. a6 bxa6 44. bxa6 Kc7 45. a7 Kb7 46. cxd5 cxd5
47. a8=Q+ Kxa8 48. Ke5 h4 49. Kxd5 g5 50. Ke4 g4 51. Kf4 h3 52. gxh3 gxh3 53.
Kg3 Kb7 54. Kxh3 Kc6 55. Kg3 Kc5 56. Kf2 Kc4 57. Ke2 Kc3 58. Kd1 Kc4 59. Kd2 Kd4
60. c3+ Kc4 61. Kc2 Kc5 62. Kd3 Kd5 63. c4+ Kc5 64. Kc3 Kc6 65. Kd4 Kd6 66. c5+
Kc6 1/2-1/2

[Event "Indywidualne Mistrzostwa Polski Juniorek - D18"]
[Site "Szczyrk"]
[Date "2013-03-24"]
[Round "7.14"]
[White "Fedak, Aleksandra"]
[Black "Czorniej, Antonina"]
[Result "0-1"]
[WhiteTitle "II"]
[BlackTitle "II+"]
[WhiteElo "1228"]
[BlackElo "1365"]

1. e4 c6 2. Nc3 d5 3. Nf3 Bg4 4. h3 Bxf3 5. Qxf3 e6 6. d4 dxe4 7. Qxe4 Nf6 8. Qd3
Bd6 9. Be3 O-O 10. Be2 Qc7 11. g4 Bf4 12. h4 Nd5 13. Ne4 Bxe3 14. fxe3 f5 15.
Ng5 Re8 16. O-O-O h6 17. Nh3 fxg4 18. Bxg4 Qg3 19. Qg6 Qxe3+ 20. Kb1 Kf8 21. Rhe1
Qg3 22. Rxe6 Nf6 23. Rxe8+ Nxe8 24. Rf1+ Nf6 25. Qe4 Qxh4 26. Qe6 Na6 27. Qd6+
Kg8 28. Qe6+ Kh8 29. Be2 Re8 30. Qc4 Qxh3 31. Rf3 Qh4 32. Rf1 Qe4 33. Rf2 Nc7
34. a3 Ng4 35. Rg2 Qxg2 0-1